00341nam a2200121Ia 4500008004100000100002000041245010200061260001200163260001100175260000900186300000700195650001700202160109s9999 xx 000 0 und d10aGunasekara,M.N. aHistorical Review of the Graduateship Programme Financial Asspects and Extra Curricular Activitie aColombo bIchemc c2015 a49 aGraduateship